| 000 | 02406cam a2200421Ia 4500 | ||
|---|---|---|---|
| 999 |
_c55403 _d55403 |
||
| 003 | BJBSDDR | ||
| 005 | 20230410120953.0 | ||
| 007 | ta | ||
| 008 | 070706r20072006mduaf b 001 0 eng d | ||
| 020 | _a0742536572 (pbk.) | ||
| 020 | _a9780742536579 (pbk.) | ||
| 035 | _a(OCoLC)ocn153581427 | ||
| 035 | _a(OCoLC)153581427 | ||
| 040 |
_aYDXCP _cYDXCP _bspa |
||
| 041 | _aspa | ||
| 050 | 0 | 0 |
_aJC 328.6 _bT648w 2007 |
| 082 | 0 | 0 |
_a303.6 _222 |
| 100 | 1 | _aTolchin, Martin. | |
| 245 | 1 | 2 |
_aA world ignited : _bhow apostles of ethnic, religious, and racial hatred torch the globe / _cMartin and Susan J. Tolchin. |
| 250 | _a1st pbk. ed. | ||
| 260 |
_aLanham, Md. : _bRowman & Littlefield Publishers, _c2007. |
||
| 300 |
_axvi, 245 p., [4] p. of plates : _bill. ; _c22 cm. |
||
| 500 | _aOriginally published: 2006. | ||
| 504 | _aIncludes bibliographical references (p. 223-235) and index. | ||
| 505 | _aAncient hatreds, modern wars -- Anti-semitism : that very light sleeper -- Religion and the rise of anger -- The psychology of anger : humiliation and defeat -- Blood diamonds : economic rights and world anger -- Sadat and the "October 6th victory : from anger to peace -- Hearts and minds : foreign policy and world anger -- Megabytes of hate -- The politics of hope -- Appendix A. Global anti-semitism -- Appendix B. Genocide and the 20th century -- Appendix C. Truth commissions : varieties of justice. | ||
| 520 | _aA World Ignited is about the surge of anger that has swept the world in the last decade, its myriad causes, its toll in lives and human misery. This anger is amplified by modern communications technology, especially television and the Internet, and made more lethal by modern weaponry, and unprecedented tactics that strive for mass death and anguish. The authors conclude in an upbeat manner with a look at the politics of hope and what can be done to halt, and even reverse, this cacophony of hate. | ||
| 650 | 0 | _aPolitical violence. | |
| 650 | 0 |
_aCulture conflict _xReligious aspects. |
|
| 650 | 0 |
_aEthnic relations _xPolitical aspects. |
|
| 650 | 0 | _aHate speech. | |
| 650 | 0 | _aAntisemitism. | |
| 650 | 4 |
_aViolencia política _93474 |
|
| 650 | 4 |
_aConflictos culturales _xAspectos religiosos _94543 |
|
| 650 | 4 |
_aRelaciones étnicas _xAspectos políticos _94542 |
|
| 700 | 1 |
_aTolchin, Susan J. _q(Susan Jane), _d1941-2016 _97505 |
|
| 942 |
_2lcc _cBK |
||
| 946 | _ash | ||